[Event "Minsk Open 2013"]
[Site "Minsk BLR"]
[Date "2013.07.21"]
[Round "9.7"]
[White "Pavlov,S2"]
[Black "Prikhodko,A"]
[Result "1-0"]
[WhiteElo "2479"]
[BlackElo "2319"]

1.c4 e6 2.g3 Nf6 3.Bg2 d5 4.Nf3 Be7 5.d4 c5 6.cxd5 exd5 7.O-O O-O 8.b3 Nc6
9.Bb2 Bg4 10.Ne5 cxd4 11.Nxg4 Nxg4 12.e3 Nf6 13.exd4 Qb6 14.Nc3 Rad8 15.Na4 Qb5
16.Re1 Rfe8 17.Rc1 Bb4 18.Rxe8+ Rxe8 19.Bf1 Qa5 20.a3 Bd6 21.b4 Qd8 22.Nc5 Qb6  1-0

[Event "Quebec Open Invitational 2013"]
[Site "Montreal CAN"]
[Date "2013.07.22"]
[Round "3.21"]
[White "Leveille,F"]
[Black "Zhang,Yuanchen"]
[Result "1-0"]
[WhiteElo "2279"]
[BlackElo "2061"]

1.Nf3 Nf6 2.c4 e6 3.g3 d5 4.d4 Be7 5.Bg2 O-O 6.O-O dxc4 7.Qc2 a6 8.a4 Bd7
9.Nbd2 Bc6 10.a5 Nbd7 11.Rd1 b5 12.b3 Rb8 13.bxc4 bxc4 14.Nxc4 Be4 15.Qa2 Nc5
16.Ncd2 Bd5 17.Qc2 Nb3 18.Rb1 Nxa5 19.e4 Rxb1 20.Qxb1 Bc6 21.Bb2 Ba4 22.Rc1 Nb3
23.Nxb3 Bxb3 24.Ne5 Re8 25.d5 exd5 26.Nc6 Qd7 27.Nxe7+ Rxe7 28.Bxf6 gxf6
29.Qxb3 dxe4 30.Rd1 Qe8 31.Qe3 a5 32.Rd4 a4 33.Bxe4 Kg7 34.Qf3 Qb5 35.Bd3 Qe5
36.Rg4+ Kf8 37.Rxa4 Re8 38.Kg2 c5 39.Re4 Qd6 40.Rf4 Kg7 41.Rh4 h6 42.Qh5  1-0

[Event "Quebec Open Invitational 2013"]
[Site "Montreal CAN"]
[Date "2013.07.22"]
[Round "3.14"]
[White "Oliva,K"]
[Black "Sapozhnikov,R"]
[Result "1-0"]
[WhiteElo "2423"]
[BlackElo "2272"]

1.Nf3 Nf6 2.c4 e6 3.g3 d5 4.d4 Be7 5.Bg2 O-O 6.O-O dxc4 7.Qa4 a6 8.Qxc4 b5
9.Qc2 Bb7 10.Bd2 Be4 11.Qc1 Bb7 12.Qc2 Be4 13.Qc1 Bb7 14.Bf4 Nd5 15.Nc3 Nxf4
16.Qxf4 c5 17.dxc5 Bxc5 18.Ne4 Bxe4 19.Qxe4 Ra7 20.Rac1 Rc7 21.Ne5 Qe7 22.Nd3 Nd7
23.b4 Bd6 24.Rxc7 Bxc7 25.Qb7 Nb8 26.Rc1 Bd6 27.Nc5 Rd8 28.a3 Kf8 29.Rd1 Bc7
30.Rxd8+ Qxd8 31.Nxa6 Nxa6 32.Qxa6 Qd1+ 33.Bf1 Qd5 34.e3 Be5 35.Bxb5 Bb2
36.Bc4 Qe4 37.Bf1 h5 38.b5 Be5 39.b6 Qc6 40.a4 g6 41.a5 Bb8 42.Qb5 Qf3 43.a6 h4
44.a7 Bxg3 45.hxg3 hxg3 46.Qb2 gxf2+ 47.Qxf2 Qg4+ 48.Qg2  1-0

[Event "VIII Vladimir Dvorkovich Open"]
[Site "Taganrog RUS"]
[Date "2013.07.22"]
[Round "1.5"]
[White "Weetik,V"]
[Black "Sipetin,Vladislav"]
[Result "1-0"]
[WhiteElo "2446"]
[BlackElo "2082"]

1.d4 d5 2.c4 e6 3.Nf3 Nf6 4.g3 Be7 5.Bg2 O-O 6.O-O c6 7.Qc2 Nbd7 8.Nbd2 Qc7
9.e4 dxe4 10.Nxe4 Nxe4 11.Qxe4 Nf6 12.Qe2 c5 13.Bf4 Bd6 14.Bxd6 Qxd6 15.Rad1 Qc7
16.Qe5 Qxe5 17.dxe5 Nd7 18.Rd6 Nb6 19.b3 Re8 20.Ng5 h6 21.Ne4 Nd7 22.f4 Kf8
23.Rfd1 Ke7 24.R6d2 Rb8 25.Nd6 Rd8 26.Nxc8+ Rbxc8 27.Bxb7 Rb8 28.Bc6 Nb6
29.Rxd8 Rxd8 30.Rxd8 Kxd8 31.Kf2 Ke7 32.Ke3 f6 33.exf6+ Kxf6 34.Bb7 e5 35.Ke4 exf4
36.Kxf4 Nd7 37.Ke4 Nb6 38.Ba6 Ke6 39.a3 g6 40.h4 Kd6 41.h5 gxh5 42.Kf5 Nd7
43.Kg6 Ne5+ 44.Kxh6 Nd3 45.Kxh5 Nc1 46.g4 Nxb3 47.g5 Nd4 48.Bc8 Ne2 49.g6 Nf4+
50.Kh6 Nxg6 51.Kxg6 Ke5 52.Ba6 Kd4 53.Kf6 Kc3 54.Ke5  1-0

[Event "Czech Open B 2013"]
[Site "Pardubice CZE"]
[Date "2013.07.23"]
[Round "5.6"]
[White "Tappyrov,V"]
[Black "Haring,V"]
[Result "1-0"]
[WhiteElo "2231"]
[BlackElo "2060"]

1.d4 Nf6 2.c4 e6 3.g3 d5 4.Nf3 Be7 5.Bg2 b6 6.Nc3 O-O 7.O-O Bb7 8.Ne5 Nbd7
9.Bf4 Rc8 10.Qa4 Nxe5 11.dxe5 Ne4 12.cxd5 Nxc3 13.bxc3 Bxd5 14.Rfd1 Qe8 15.Qxe8 Rfxe8
16.Bxd5 exd5 17.Rxd5 Ba3 18.Rad1 h6 19.h4 Bb2 20.R1d3 a5 21.Kf1 Re6 22.Ke1 Rc6
23.Kd2 Rc4 24.Kc2 Ba3 25.Kb3  1-0

[Event "28th Avoine Open"]
[Site "Avoine FRA"]
[Date "2013.07.25"]
[Round "6.9"]
[White "Navrotescu,C"]
[Black "Racle,V"]
[Result "1-0"]
[WhiteElo "2363"]
[BlackElo "1934"]

1.d4 Nf6 2.g3 e6 3.Bg2 d5 4.Nf3 Be7 5.c4 O-O 6.O-O c6 7.Qc2 Nbd7 8.Nbd2 Re8
9.e4 Nxe4 10.Nxe4 dxe4 11.Qxe4 Bf6 12.Re1 c5 13.Be3 Qc7 14.Rac1 cxd4 15.Nxd4 Nc5
16.Qc2 e5 17.Nb5 Qe7 18.b4 Ne6 19.c5 g6 20.f4 Rd8 21.Nd6 Qc7 22.Bd5 Rxd6
23.cxd6 Qxd6 24.Qe4 exf4 25.Bxf4 Qb6+ 26.Be3 Qb5 27.Rxc8+ Rxc8 28.Bxe6  1-0

[Event "Yinzhou Cup CHN-USA Rapid"]
[Site "Ningbo CHN"]
[Date "2013.07.25"]
[Round "2.4"]
[White "Lenderman,A"]
[Black "Xiu Deshun"]
[Result "0-1"]
[WhiteElo "2548"]
[BlackElo "2556"]

1.d4 Nf6 2.c4 e6 3.g3 d5 4.Nf3 Be7 5.Bg2 O-O 6.Qc2 c5 7.dxc5 Qa5+ 8.Nc3 Qxc5
9.cxd5 Nxd5 10.Ng5 Bxg5 11.Bxg5 Nc6 12.Rc1 Nxc3 13.Bd2 Qh5 14.Bxc3 e5 15.O-O Bh3
16.Bxh3 Qxh3 17.Qb3 Qd7 18.Rfd1 Qe7 19.Rd5 Rfd8 20.Rcd1 Rxd5 21.Rxd5 h6 22.Qd1 Qe6
23.e4 Rc8 24.a3 Rc7 25.Rd6 Qh3 26.f3 Kh7 27.Qd2 f6 28.Rd3 Qe6  0-1

[Event "6th Paleochora Open"]
[Site "Paleochora GRE"]
[Date "2013.07.26"]
[Round "9.4"]
[White "Borovikov,V"]
[Black "Skembris,S"]
[Result "1-0"]
[WhiteElo "2564"]
[BlackElo "2458"]

1.d4 d5 2.c4 e6 3.Nf3 Nf6 4.g3 Be7 5.Bg2 O-O 6.O-O b6 7.Nc3 Bb7 8.Ne5 Nbd7
9.Qa4 c6 10.Nxc6 Bxc6 11.Qxc6 Rc8 12.Qa4 Rxc4 13.Qd1 Bb4 14.Nb1 Qc7 15.Bf4 Bd6
16.Na3 Rb4 17.Rc1 Qb8 18.Bxd6 Qxd6 19.b3 Nb8 20.Nc2 Rb5 21.b4 a5 22.Qd3 Rxb4
23.Nxb4 Qxb4 24.e3 h5 25.Rb1 Qd6 26.Rfc1 Nbd7 27.Qc3 g6 28.Bf1 Rd8 29.Qc7 Qf8
30.Bb5 Kg7 31.Bxd7 Rxd7 32.Qxb6 Qa3 33.Qb3 Qe7 34.Qb8 Qa3 35.Qe5 Qxa2 36.Rb8 Qe2
37.Rcc8 Qf3 38.Rg8+ Kh6 39.Rh8+  1-0

[Event "Helmut-Kohls-Turnier"]
[Site "Dortmund GER"]
[Date "2013.07.28"]
[Round "2.4"]
[White "Wagner,De"]
[Black "Feygin,M"]
[Result "1-0"]
[WhiteElo "2465"]
[BlackElo "2533"]

1.Nf3 Nf6 2.c4 e6 3.g3 d5 4.d4 Be7 5.Bg2 O-O 6.O-O dxc4 7.Ne5 Nc6 8.Nxc6 bxc6
9.Na3 Bxa3 10.bxa3 Nd5 11.Qa4 Nb6 12.Qxc6 Rb8 13.Qc5 Bb7 14.e4 Qd7 15.Bf4 Rbc8
16.Rfe1 Ba6 17.Bh3 Qb5 18.Qb4 Rfe8 19.Rab1 Qxb4 20.axb4 Bb5 21.d5 Bd7 22.dxe6 Bxe6
23.Bf1 c5 24.b5 Red8 25.f3 Rd4 26.Be3 Kf8 27.g4 h6 28.Rec1 Rc7 29.Be2 Ke7
30.Kf2 f6 31.h4 Na4 32.Ke1 Rd3 33.Bxd3 cxd3 34.Rb4 d2+ 35.Bxd2 Nb6 36.Be3 Nd7
37.Bf4 Rb7 38.Rb2 c4 39.Rd1 c3 40.Rc2 Rxb5 41.Rxc3 Bxa2 42.Rc7 Be6 43.Rxa7 g5
44.Bd6+ Ke8 45.h5 Rb2 46.Rd2 Rb1+ 47.Kf2 Rb3 48.Rc2 Rd3 49.Bb4 Rb3 50.Rc8+ Kf7
51.Rf8+ Kg7 52.Re8  1-0

[Event "ch-AUT 2013"]
[Site "Feldkirch AUT"]
[Date "2013.07.28"]
[Round "9.19"]
[White "Mesaros,Florian"]
[Black "Forster,Re"]
[Result "1-0"]
[WhiteElo "2166"]
[BlackElo "2077"]

1.Nf3 Nf6 2.c4 e6 3.g3 d5 4.d4 Be7 5.Bg2 O-O 6.O-O dxc4 7.a4 c5 8.dxc5 Nc6
9.Qc2 Qa5 10.Qxc4 Qxc5 11.Qxc5 Bxc5 12.Nc3 e5 13.Ng5 Be7 14.Nge4 Nxe4 15.Bxe4 Be6
16.Be3 Rfd8 17.a5 f5 18.Bg2 e4 19.g4 g6 20.gxf5 gxf5 21.f3 Nb4 22.fxe4 Nc2
23.exf5 Nxe3 24.fxe6 Nxf1 25.Rxf1 Rd2 26.a6 Rxb2 27.axb7 Rb8 28.Be4 Bc5+
29.Kh1 Rf8 30.Rd1 Re8 31.Na4 Rb5 32.Bc6  1-0

[Event "41st GM"]
[Site "Dortmund GER"]
[Date "2013.07.29"]
[Round "4.4"]
[White "Khenkin,I"]
[Black "Fridman,D"]
[Result "1/2-1/2"]
[WhiteElo "2605"]
[BlackElo "2629"]

1.d4 d5 2.c4 e6 3.Nf3 Nf6 4.g3 Be7 5.Bg2 O-O 6.O-O dxc4 7.Qa4 a6 8.Qxc4 b5
9.Qc2 Bb7 10.Bd2 Be4 11.Qc1 c5 12.dxc5 Nbd7 13.b4 a5 14.Nc3 axb4 15.Nxe4 Nxe4
16.Bxb4 Bxc5 17.Qb1 Bxb4 18.Qxb4 Ndf6 19.Qxb5 Nc3 20.Qb2 Qc7 21.Rac1 Nfd5
22.Nd4 Rfb8 23.Qd2 Rxa2 24.Qxa2 Nxa2 25.Rxc7 Nxc7 26.Nc6 Rb5 27.Rd1 Ne8 28.f4 Nc3
29.Rd8 Rb1+ 30.Kf2 Nd1+ 31.Ke1 Nb2+ 32.Kf2 Nd1+ 33.Ke1 Nb2+ 34.Kd2 Rd1+ 35.Kc3 Rxd8
36.Nxd8 Na4+ 37.Kd4 Nd6 38.e4 Kf8 39.Nc6 Ke8 40.Bf1 Kd7 41.Ne5+ Ke7 42.Nc6+ Kd7
43.Ne5+ Ke7 44.Nc6+ Kd7  1/2-1/2

[Event "41st GM"]
[Site "Dortmund GER"]
[Date "2013.07.29"]
[Round "4.5"]
[White "Meier,Geo"]
[Black "Kramnik,V"]
[Result "0-1"]
[WhiteElo "2610"]
[BlackElo "2784"]

1.Nf3 d5 2.d4 Nf6 3.c4 e6 4.g3 Be7 5.Bg2 O-O 6.O-O dxc4 7.Qc2 a6 8.Qxc4 b5
9.Qc2 Bb7 10.Bd2 Ra7 11.Rc1 Be4 12.Qd1 Bxf3 13.Bxf3 Qxd4 14.a4 c6 15.Qb3 Rd7
16.Bf4 Nd5 17.Bxb8 Rxb8 18.Rxc6 Nb4 19.Rc1 Bc5 20.Rf1 bxa4 21.Qxa4 Rc7 22.Nc3 Qe5
23.Rfd1 h5 24.Kg2 h4 25.Ne4 Bf8 26.Rac1 Rxc1 27.Rxc1 Qxb2 28.Rc7 Qe5 29.Qd7 Qf5
30.g4 Qf4 31.g5 Nd5 32.Nf6+ Qxf6 33.Qxd5 Qg6 34.Qe5 Rb5 35.Qf4 Rf5 36.Qe4 Qxg5+
37.Kh3 Rf4 38.Qd3 g6  0-1

[Event "100th ch-GBR 2013"]
[Site "Torquay ENG"]
[Date "2013.07.29"]
[Round "1.5"]
[White "Hawkins,Jo"]
[Black "Haria,R"]
[Result "1-0"]
[WhiteElo "2517"]
[BlackElo "2133"]

1.Nf3 Nf6 2.c4 e6 3.g3 d5 4.d4 Be7 5.Bg2 O-O 6.O-O dxc4 7.Qc2 a6 8.Qxc4 b5
9.Qc2 Bb7 10.Bf4 Bd6 11.Nbd2 Nbd7 12.a4 b4 13.Rac1 Rc8 14.Ne5 Bxg2 15.Kxg2 Bxe5
16.dxe5 Nd5 17.Nf3 h6 18.e4 Nxf4+ 19.gxf4 Qe7 20.Qc6 Nb8 21.Qb7 Rfe8 22.Rfd1 c5
23.Qxe7 Rxe7 24.b3 Rd7 25.Rd6 Kf8 26.Nd2 Ke7 27.Nc4 Rb7 28.Rdd1 Rbc7 29.f5 Nc6
30.Nd6 Nxe5 31.Nxc8+ Rxc8 32.fxe6 fxe6 33.f4 Nf7 34.e5 h5 35.Rd4 g5 36.Rxb4 cxb4
37.Rxc8 gxf4 38.Rc7+ Ke8 39.Kf3 Nxe5+ 40.Kxf4 Nd7 41.Kg5 Ke7 42.Kxh5 Kd6
43.Rxd7+ Kxd7 44.Kg5 Ke7 45.Kf4 Kf6 46.Ke4 a5 47.h4 Kg6 48.Ke5 Kf7 49.h5  1-0

[Event "9th Gazi 2013"]
[Site "Gazi GRE"]
[Date "2013.07.30"]
[Round "5"]
[White "Townsend,M"]
[Black "Serpetsidaki,Eva"]
[Result "1-0"]
[WhiteElo "2246"]
[BlackElo "1407"]

1.d4 d5 2.c4 e6 3.Nf3 Nf6 4.g3 Be7 5.Bg2 O-O 6.O-O dxc4 7.Ne5 Nbd7 8.Nxc4 Rb8
9.Nc3 Nb6 10.Na5 Nbd5 11.e4 Nb4 12.a3 Nc6 13.Nxc6 bxc6 14.b4 Bb7 15.Be3 Ra8
16.Na4 Qd7 17.Rc1 a5 18.Nc5 Bxc5 19.Rxc5 axb4 20.axb4 Ra2 21.Bg5 Rfa8 22.Bxf6 gxf6
23.e5 f5 24.b5 Ra1 25.bxc6 Rxd1 26.cxd7 Rxf1+ 27.Kxf1 Bxg2+ 28.Kxg2 Rd8 29.Rxc7 Kg7
30.Kf3 Kg6 31.Kf4 h5 32.h3 Kh6 33.d5 Kg6 34.Ke3 f4+ 35.Kxf4 exd5 36.Rc6+  1-0

[Event "Politiken Cup 2013"]
[Site "Helsingor DEN"]
[Date "2013.07.30"]
[Round "5.102"]
[White "Green,Per"]
[Black "Pedersen,Carl Aage"]
[Result "1-0"]
[WhiteElo "1967"]
[BlackElo "1734"]

1.Nf3 d5 2.d4 e6 3.c4 Nf6 4.g3 Be7 5.Bg2 O-O 6.O-O Nbd7 7.Qc2 c6 8.Nbd2 b6
9.e4 dxe4 10.Nxe4 Bb7 11.Rd1 Nxe4 12.Qxe4 Nf6 13.Qc2 Qc7 14.Bf4 Bd6 15.Bxd6 Qxd6
16.c5 bxc5 17.dxc5 Qc7 18.Rd6 Rfd8 19.Rad1 a6 20.a3 h6 21.Ne5 Nd5 22.Nc4 Rab8
23.Rxd8+ Rxd8 24.Nd6 Nf6 25.f4 g6 26.Bf3 h5 27.Kg2 Ne8 28.Nxe8 Rxe8 29.Qd2 Kf8
30.Qd6+ Re7 31.b4 Qxd6 32.Rxd6 Rc7 33.Kf2 Ke7 34.Ke3 f6 35.Be4 f5 36.Bf3 Kf6
37.Kd4 Ba8 38.h4 Bb7 39.Rd8 Bc8 40.Rd6 Bb7 41.Kc3 Ke7 42.Kb3 Rd7 43.Rxd7+ Kxd7
44.Kc4 Ke7 45.Kd4 Kf6 46.a4  1-0

[Event "3rd Chinese Master Rapid Men"]
[Site "Shenzhen CHN"]
[Date "2013.07.30"]
[Round "3.3"]
[White "Li Chao2"]
[Black "Xiu Deshun"]
[Result "0-1"]
[WhiteElo "2686"]
[BlackElo "2556"]

1.d4 Nf6 2.c4 e6 3.g3 d5 4.Bg2 Be7 5.Nf3 O-O 6.O-O dxc4 7.Ne5 Nc6 8.Bxc6 bxc6
9.Nxc6 Qe8 10.Nxe7+ Qxe7 11.Qc2 e5 12.Rd1 Bb7 13.Bg5 Rad8 14.Qxc4 exd4 15.Nd2 Rfe8
16.Rac1 h6 17.Bxf6 Qxf6 18.Re1 Ba6 19.Qxc7 Bxe2 20.Qxa7 d3 21.Qa3 Ra8 22.Qc3 Rxa2
23.Qxf6 gxf6 24.Rb1 f5 25.f4 Rc8 26.Nb3 Ra4 27.Rec1 Rxc1+ 28.Nxc1 Bd1 29.Nxd3 Bc2
30.Nc5 Rc4 31.Rc1 Rxc5 32.Kf2 Rc6 33.Ke3 Re6+ 34.Kd2 Be4 35.b4 Rd6+ 36.Ke2 Kg7
37.Rc8 Rd3 38.b5 Rb3  0-1

[Event "100th ch-GBR 2013"]
[Site "Torquay ENG"]
[Date "2013.07.30"]
[Round "2.21"]
[White "Flear,G"]
[Black "De Coverly,R"]
[Result "1/2-1/2"]
[WhiteElo "2456"]
[BlackElo "2036"]

1.d4 Nf6 2.c4 e6 3.Nf3 d5 4.g3 Be7 5.Bg2 O-O 6.O-O dxc4 7.Qc2 a6 8.a4 Nc6
9.Qxc4 Bd7 10.Bf4 Nd5 11.a5 Rc8 12.Nbd2 Ncb4 13.Qb3 Bb5 14.Nc4 c5 15.dxc5 Bxc5
16.Rfc1 Nxf4 17.gxf4 Nd5 18.e3 Qe7 19.Nfe5 Rfd8 20.Nd3 Ba7 21.Kh1 h6 22.Nce5 Rxc1+
23.Rxc1 Qd6 24.Nc4 Qe7 25.Nce5 Qd6 26.Nc4 Qe7  1/2-1/2

[Event "100th ch-GBR 2013"]
[Site "Torquay ENG"]
[Date "2013.07.30"]
[Round "2.19"]
[White "Knott,S"]
[Black "Tambini,J"]
[Result "1-0"]
[WhiteElo "2318"]
[BlackElo "1979"]

1.Nf3 d5 2.d4 Nf6 3.c4 e6 4.g3 Be7 5.Bg2 O-O 6.O-O c6 7.Qc2 b6 8.Nbd2 Bb7
9.e4 Nbd7 10.e5 Ne8 11.cxd5 cxd5 12.Re1 Rc8 13.Qa4 Bc6 14.Qd1 Nc7 15.Bf1 f6
16.exf6 Bxf6 17.Bd3 Bb7 18.Nf1 Re8 19.Bf4 Qe7 20.h4 Qf7 21.Rc1 Nf8 22.N1h2 Ng6
23.Bxg6 hxg6 24.Ng4 Nb5 25.Qd3 a6 26.a4 Na7 27.Be5 Nc6 28.Bxf6 gxf6 29.Nh6+  1-0

[Event "Sparkassen Open A 2013"]
[Site "Dortmund GER"]
[Date "2013.07.31"]
[Round "5.10"]
[White "Buckels,Valentin"]
[Black "Kartsev,A2"]
[Result "1/2-1/2"]
[WhiteElo "1975"]
[BlackElo "2247"]

1.d4 d5 2.c4 e6 3.Nf3 Nf6 4.g3 Be7 5.Bg2 O-O 6.Qc2 Nbd7 7.O-O c6 8.b3 b6
9.Bb2 Bb7 10.Nbd2 Rc8 11.Ne5 c5 12.Nxd7 Nxd7 13.dxc5 Nxc5 14.Rfd1 Bf6 15.Ne4 Nxe4
16.Bxe4 h6 17.Qb1 Rc5 18.cxd5 exd5 19.Bf3 Bxb2 20.Qxb2 Qc7 21.Rd2 Rd8 22.Rad1 Rc8  1/2-1/2

[Event "Politiken Cup 2013"]
[Site "Helsingor DEN"]
[Date "2013.07.31"]
[Round "6.33"]
[White "Lindgren,P"]
[Black "Pedersen,HB"]
[Result "1-0"]
[WhiteElo "2287"]
[BlackElo "2118"]

1.d4 Nf6 2.c4 e6 3.g3 d5 4.Nf3 Be7 5.Bg2 O-O 6.O-O dxc4 7.Qc2 a6 8.Qxc4 b5
9.Qc2 Bb7 10.Bd2 Be4 11.Qc1 Bd6 12.Bg5 Nbd7 13.Nbd2 Bb7 14.e4 Be7 15.e5 Nd5
16.Nb3 c5 17.Nxc5 Nxc5 18.Bxe7 Qxe7 19.Qxc5 Qxc5 20.dxc5 Rac8 21.Rfc1 Nb4
22.Ne1 Bxg2 23.Kxg2 Rfd8 24.Rd1 Nc6 25.f4 f6 26.exf6 gxf6 27.Nf3 Nb4 28.Rxd8+ Rxd8
29.a3 Nc6 30.Kf2 Rd3 31.Re1 Kf7 32.Re3 Rd1 33.b4 Ra1 34.Rd3 Ra2+ 35.Ke3 Ne7
36.Kd4 Nf5+ 37.Kc3 Rxa3+ 38.Kd2 Ra2+ 39.Kc1 Ne7 40.Rd7 Ke8 41.Rd6 Ra4 42.Rxe6 Kf7
43.Nd4 a5 44.Kc2 Nd5 45.Rd6 Nxb4+ 46.Kb3 Nd3 47.c6 Nc5+ 48.Kb2 Rb4+ 49.Kc2 Rc4+
50.Kd1 Ne4 51.Nxb5 Rc5 52.Rd7+ Kg6 53.Na7 Nc3+ 54.Ke1 Nb5 55.Nxb5 Rxb5 56.g4 Rc5
57.c7 a4 58.h4 a3 59.h5+ Kh6 60.Rf7 a2 61.Rxf6+ Kg7 62.Ra6 Rxc7 63.Rxa2 Rc4
64.Rf2 Rc3 65.Ke2 Rg3 66.g5 Rh3 67.h6+ Kg6 68.f5+ Kf7 69.Rf3 Rh2+ 70.Ke3 Ra2
71.Kf4 Ra1 72.Kg4 Rg1+ 73.Rg3 Ra1 74.Kh4 Rh1+ 75.Rh3 Rf1 76.Kg4 Rg1+ 77.Kh5 Rg2
78.g6+ Kf6 79.gxh7 Kxf5 80.Rf3+ Ke4 81.h8=Q  1-0

[Event "Sparkassen Open A 2013"]
[Site "Dortmund GER"]
[Date "2013.08.01"]
[Round "6.38"]
[White "Simon,Th"]
[Black "Morgenroth,Hubertus"]
[Result "1/2-1/2"]
[WhiteElo "1938"]
[BlackElo "1857"]

1.d4 d5 2.c4 e6 3.Nf3 Nf6 4.g3 Be7 5.Bg2 O-O 6.O-O c6 7.b3 Nbd7 8.Qc2 Re8
9.Bb2 Bd6 10.Rd1 c5 11.cxd5 exd5 12.Nc3 cxd4 13.Nb5  1/2-1/2

[Event "9th Tabor Open 2013"]
[Site "Tabor CZE"]
[Date "2013.08.01"]
[Round "6.32"]
[White "Barrish,Daniel"]
[Black "Mizak,J"]
[Result "0-1"]
[WhiteElo "1824"]
[BlackElo "2032"]

1.d4 d5 2.c4 e6 3.g3 Nf6 4.Bg2 Be7 5.Nf3 O-O 6.O-O b6 7.Ne5 Bb7 8.Qa4 c5
9.dxc5 Bxc5 10.Nc3 Bd6 11.Bf4 Bxe5 12.Bxe5 Bc6 13.Qc2 dxc4 14.Rfd1 Qc8 15.Bxf6 gxf6
16.Ne4 f5 17.Nf6+ Kg7 18.Qc3 Kg6 19.h4 h5 20.Qe3  0-1

[Event "100th ch-GBR 2013"]
[Site "Torquay ENG"]
[Date "2013.08.01"]
[Round "4.5"]
[White "Chapman,T"]
[Black "Hawkins,Jo"]
[Result "1/2-1/2"]
[WhiteElo "2308"]
[BlackElo "2517"]

1.Nf3 Nf6 2.c4 e6 3.g3 d5 4.d4 Be7 5.Bg2 O-O 6.O-O dxc4 7.Qc2 a6 8.a4 Bd7
9.Qxc4 Bc6 10.Bf4 Nbd7 11.Nc3 Rc8 12.Rfe1 Ne4 13.d5 exd5 14.Nxd5 Nef6 15.Nc3 Nb6
16.Qb3 Bc5 17.Bh3 Nbd7 18.Rad1 Qe7 19.Nd4 Bxd4 20.Rxd4 Ne5 21.Red1 Rb8 22.Bg2  1/2-1/2

[Event "Sparkassen Open A 2013"]
[Site "Dortmund GER"]
[Date "2013.08.02"]
[Round "7.8"]
[White "Schmuecker,Ma"]
[Black "Strathoff,M"]
[Result "1-0"]
[WhiteElo "2255"]
[BlackElo "2059"]

1.Nf3 d5 2.d4 Nf6 3.c4 e6 4.g3 Be7 5.Bg2 O-O 6.O-O Nbd7 7.Qc2 c6 8.Nbd2 b6
9.e4 dxe4 10.Nxe4 Nxe4 11.Qxe4 Ba6 12.b3 Rc8 13.Rd1 b5 14.Qc2 c5 15.dxc5 Rxc5
16.Be3 Rc8 17.Ne5 Rc7 18.Nc6 Qe8 19.cxb5 Nb8 20.Bf4 Rc8 21.Nxe7+ Qxe7 22.Qe2  1-0

[Event "100th ch-GBR 2013"]
[Site "Torquay ENG"]
[Date "2013.08.02"]
[Round "5.10"]
[White "Bates,Ri"]
[Black "Weaving,Richard"]
[Result "1/2-1/2"]
[WhiteElo "2375"]
[BlackElo "2196"]

1.d4 Nf6 2.Nf3 d5 3.c4 e6 4.g3 Be7 5.Bg2 O-O 6.O-O dxc4 7.Qc2 a6 8.Qxc4 b5
9.Qc2 Bb7 10.Bg5 Nbd7 11.Nbd2 Rc8 12.Bxf6 Nxf6 13.Nb3 Be4 14.Qc1 c5 15.dxc5 Qc7
16.Rd1 h6 17.Qd2 Rfd8 18.Qc3 Bd5 19.Qe5 Nd7 20.Qxc7 Rxc7 21.Ne1 Bxg2 22.Kxg2 Nxc5
23.Rxd8+ Bxd8 24.Nxc5 Rxc5 25.a4 Bf6 26.Nd3 Rc2 27.axb5 axb5 28.Kf3 g5 29.Ra8+  1/2-1/2

[Event "XXII TCh-MKD 2013"]
[Site "Struga MKD"]
[Date "2013.08.03"]
[Round "6.2"]
[White "Ilic,Zo3"]
[Black "Simovski,G"]
[Result "1/2-1/2"]
[WhiteElo "2270"]
[BlackElo "2253"]

1.Nf3 Nf6 2.d4 d5 3.c4 e6 4.g3 Be7 5.Bg2 O-O 6.O-O b6 7.Nc3 Bb7 8.Ne5 Nbd7
9.Qa4 Nxe5 10.dxe5 Ne4 11.Nxe4 dxe4 12.Rd1 Qe8 13.Qc2 Qc6 14.Be3 Rad8 15.b3 f5
16.exf6 gxf6 17.Bd4 f5 18.e3 Qe8 19.Qb2 Qh5 20.Rd2 Kf7 21.Be5 Rxd2 22.Qxd2 Rd8
23.Qc2 Bf6 24.Bxf6 Kxf6 25.Bf1 c5 26.a3 Qe8 27.Bg2 Rd6 28.b4 e5 29.Rd1 Qc6
30.Rd2 Qd7 31.Rxd6+ Qxd6 32.Qc3  1/2-1/2

[Event "39th Badalona Open A"]
[Site "Badalona ESP"]
[Date "2013.08.05"]
[Round "4.1"]
[White "Flores Rios,M"]
[Black "Fluvia Poyatos,Joa"]
[Result "1/2-1/2"]
[WhiteElo "2519"]
[BlackElo "2491"]

1.d4 Nf6 2.c4 e6 3.g3 d5 4.Nf3 Be7 5.Bg2 O-O 6.O-O dxc4 7.Qc2 a6 8.Qxc4 b5
9.Qc2 Bb7 10.Bd2 Be4 11.Qc1 Bb7 12.Bf4 Nd5 13.Nc3 Nxf4 14.Qxf4 Qd6 15.Ne5 Bxg2
16.Kxg2 Nd7 17.Nxd7 Qxd7 18.Rfd1 c5 19.dxc5 Qc6+ 20.Qf3 Qxf3+ 21.Kxf3 Bxc5
22.Ne4 Rfc8 23.Nxc5 Rxc5 24.Rac1 Rf5+ 25.Ke3 Re5+ 26.Kd2 h5 27.Rc6 b4 28.b3 Ra5
29.Rc2 Rd8+ 30.Kc1 Rxd1+ 31.Kxd1 g5 32.Kc1  1/2-1/2

[Event "100th ch-GBR 2013"]
[Site "Torquay ENG"]
[Date "2013.08.05"]
[Round "7.21"]
[White "Scott,Gordon W"]
[Black "Weaving,Richard"]
[Result "0-1"]
[WhiteElo "2039"]
[BlackElo "2196"]

1.d4 Nf6 2.c4 e6 3.Nf3 d5 4.g3 Be7 5.Bg2 O-O 6.O-O dxc4 7.Qc2 a6 8.Qxc4 b5
9.Qc2 Bb7 10.Bd2 Bd6 11.Ng5 Bxg2 12.Kxg2 h6 13.Nf3 Qd7 14.e4 Be7 15.Be3 c6
16.Nbd2 Rc8 17.Rac1 Qb7 18.Ne5 a5 19.f4 Bb4 20.Ndf3 Be7 21.Bg1 c5 22.dxc5 Qxe4
23.Qxe4 Nxe4 24.c6 f6 25.Ng6 Kf7 26.Nxe7 Kxe7 27.Rfe1 f5 28.Ne5 Nf6 29.Rc5 Ne4
30.Rc2 Nf6 31.Rec1 Na6 32.c7 Nd5 33.Bc5+ Ke8 34.Bf2 Rxc7 35.Rxc7 Naxc7 36.Bb6 Nxb6
37.Rxc7 Rc8 38.Rb7 Rc2+ 39.Kh3 Nd5 40.Rxb5 Ne3 41.Rxa5 g5 42.g4 Nf1 43.Nf3 h5  0-1

[Event "Arad Open 2013"]
[Site "Arad ROU"]
[Date "2013.08.06"]
[Round "6.16"]
[White "Anton,T"]
[Black "Vasile,Cl"]
[Result "0-1"]
[WhiteElo "2442"]
[BlackElo "2171"]

1.d4 d5 2.c4 e6 3.Nf3 Nf6 4.g3 Be7 5.Bg2 O-O 6.O-O Nbd7 7.b3 Ne4 8.Bb2 c6
9.Nbd2 f5 10.Qc2 Bd6 11.Rad1 Nxd2 12.Nxd2 Nf6 13.Qd3 Ne4 14.Nf3 Bd7 15.Ne5 Be8
16.a3 a5 17.Qc2 Qe7 18.f3 Nf6 19.Nd3 g5 20.c5 Bc7 21.Qc1 h6 22.Qe3 Nh5 23.Bh3 Rf6
24.Ne5 f4 25.Qf2 Bg6 26.e3 fxg3 27.hxg3 Raf8 28.Bg4 Ng7 29.Qh2 h5 30.Nxg6 Rxg6
31.Bxh5 Rh6 32.Bf7+ Kh7 33.Qc2+ Nf5 34.g4 Kg7 35.gxf5 Rfh8 36.Qg2 Rh2 37.Qg4 R8h4
38.Bxe6 Rxb2 39.f6+ Qxf6 40.Qf5 Qxf5 41.Bxf5 Bh2+  0-1

[Event "16th Olomouc IM Prima Pack"]
[Site "Olomouc CZE"]
[Date "2013.08.06"]
[Round "7.4"]
[White "Jurek,J"]
[Black "Dobes,V"]
[Result "0-1"]
[WhiteElo "2278"]
[BlackElo "2106"]

1.d4 Nf6 2.c4 e6 3.g3 d5 4.Nf3 Be7 5.Bg2 O-O 6.Qc2 c5 7.dxc5 Qa5+ 8.Nc3 dxc4
9.O-O Nc6 10.Bg5 Qxc5 11.Bxf6 gxf6 12.Rac1 b5 13.Ne4 Qb6 14.Rfd1 Nb4 15.Qd2 Bb7
16.Qf4 Bxe4 17.Qxe4 Rad8 18.a3 Na6 19.Nd4 f5 20.Nxf5 Bf6 21.Nh6+ Kg7 22.Qf4 Rd4
23.e4 Qc7 24.Qe3 Rxd1+ 25.Rxd1 Qc5 26.Qf4 Qg5 27.Qxg5+ Bxg5 28.Ng4 h5 29.Ne3 Bf6
30.Rd2 Nc5 31.Nd1 Nd3 32.b3 Rc8 33.bxc4 bxc4 34.Bf1 Nb2 35.Ne3 c3 36.Rc2 Bd4
37.Ng2 Nd1 38.Nf4 Bxf2+ 39.Kh1 h4 40.gxh4 Be3 41.Be2 Bxf4 42.Bxd1 Bd2 43.Kg2 Rb8
44.Ra2 Kf6 45.Bc2 Ke5 46.Kf3 Rh8 47.Kg4 Rg8+ 48.Kf3 Rg1 49.a4 a5 50.h5 Rh1
51.Kg2 Rc1 52.Kf3 Kd4 53.Ke2 Rh1 54.Kf3 Rxh2 55.Ra1 Rxh5 56.Kg2 f5 57.exf5 Rxf5
58.Rf1 Rg5+ 59.Kf3 e5 60.Rh1 e4+ 61.Bxe4 Rg3+ 62.Kxg3 Kxe4 63.Kf2 c2 64.Ke2 c1=Q
65.Rxc1 Bxc1 66.Kd1 Bg5 67.Kc2 Kd4 68.Kb3 Be7  0-1

[Event "22nd Kavala Open 2013"]
[Site "Kavala GRE"]
[Date "2013.08.07"]
[Round "2.8"]
[White "Mastrovasilis,A"]
[Black "Bombek,P"]
[Result "1-0"]
[WhiteElo "2541"]
[BlackElo "2241"]

1.d4 d5 2.c4 e6 3.Nf3 Nf6 4.g3 Be7 5.Bg2 O-O 6.Qc2 c5 7.O-O cxd4 8.Nxd4 Nc6
9.Nxc6 bxc6 10.b3 Ba6 11.Nd2 Qb6 12.Bb2 Rfd8 13.Rac1 Rac8 14.Rfd1 h6 15.e3 c5
16.cxd5 exd5 17.Qf5 Be2 18.Re1 Bg4 19.Qf4 Be6 20.h3 c4 21.Bc3 Bb4 22.Bxb4 Qxb4
23.Qd4 a5 24.Nf3 Ne4 25.Red1 cxb3 26.Rxc8 Rxc8 27.Qxb4 axb4 28.axb3 Rc3 29.Nd4 Bc8
30.Ne2 Rc5 31.Nf4 Nc3 32.Ra1 Bf5 33.Ra8+ Kh7 34.Rb8 g5 35.Nh5 Ne2+ 36.Kh2 Nc1
37.Bxd5 Bg6 38.Nf6+ Kg7 39.Ne8+ Kh7 40.Nf6+ Kg7 41.Ne8+ Kh7 42.Bc4 Ra5 43.g4 Na2
44.Rb7 Nc3 45.Nd6 Ra2 46.Nxf7 Rxf2+ 47.Kg1 Rg2+ 48.Kf1 Rh2 49.Ne5+  1-0

[Event "21st Poznan Open"]
[Site "Poznan POL"]
[Date "2013.08.07"]
[Round "1.3"]
[White "Urban,K"]
[Black "Kiwilsza,Piotr"]
[Result "1-0"]
[WhiteElo "2449"]
[BlackElo "1742"]

1.d4 d5 2.c4 e6 3.Nf3 Nf6 4.g3 Be7 5.Bg2 O-O 6.O-O c6 7.Nc3 Nbd7 8.b3 b6
9.Nd2 Bb4 10.Bb2 Bb7 11.a3 Bxc3 12.Bxc3 Rc8 13.e4 Ba6 14.Re1 b5 15.cxd5 cxd5
16.Bb4 Re8 17.e5 Ne4 18.Nxe4 dxe4 19.Bxe4 Nb6 20.Qd3 h6 21.Bc5 Bb7 22.Qxb5 Bxe4
23.Rxe4 Qd5 24.Re3 Nd7 25.b4 Rb8 26.Qa6 Rb7 27.Ree1 Nb6 28.Rac1 Qd7 29.Bd6 Nd5
30.Rc5 Rb6 31.Qc4 Rb7 32.Rc1 Nb6 33.Qc2 Nd5 34.h3 f5 35.Rc8 Kh7 36.Rc5 Qf7
37.Qd3 Qh5 38.Kg2 g5 39.Rxd5 exd5 40.Qxf5+ Qg6 41.Qf3 Qe6 42.Rc5 Rf7 43.Qxd5 Qf5
44.f3 g4 45.hxg4 Qg6 46.Qe4 Qxe4 47.fxe4 Kg6 48.d5 Rd7 49.Rc7 Rdd8 50.Rxa7 h5  1-0